Представление документа в формате MARC21

Поле Инд. ПП Название Значение
Тип записи m
Библиографический уровень m
001 Контрольный номер RU/LIBMSTU/424008111
005 Дата корректировки 20200602175653.9
008 Кодируемые данные 130416|||||||||ru |||||||||||000|||rus||
040 b Код языка каталог. rus
041 0_ a Код языка текста rus
084 a Индекс другой классификации/Индекс ББК 60.84+76.006.5
090 x Авторский знак П 32
245 10 a Заглавие PR, бизнес, СМИ - проблемы взаимодействия
b Продолж. заглавия сб. материалов III Межвуз. науч.-практ. конф., 15 дек. 2011 г., г. Мурманск
c Ответственность Федер. агентство по рыболовству, ФГБОУ ВПО "Мурман. гос. техн. ун-т"
h Физич. носитель Электронный ресурс
256 a Характеристики компьютерного файла Электрон. текстовые дан. (1 файл : 1,5 Мб)
260 a Место издания Мурманск
b Издательство Изд-во МГТУ
c Дата издания 2011
300 b Иллюстрации/ тип воспроизводства цв. ил.
500 a Примечание Доступ из локальной сети Мурман. гос. техн. ун-та. - Загл. с экрана. - Имеется печ. аналог 2011 г.
583 x Служебное примечание Труды преподавателей МГТУ
x Служебное примечание Полнотекстовые документы
x Служебное примечание Краеведческий каталог
650 04 a Основная рубрика Связи с общественностью-Сборники
650 14 a Основная рубрика Средства массовой информации-Сборники
651 _4 a Географическое наименование Мурманская область
653 0_ a Ключевые слова PR; Журналистика;Конференции научно-практические; Материалы конференций; Общество гражданское; Общество информационное; Паблик рилейшнз; Реклама; Связи с общественностью; Социальная защита граждан; Средства массовой информации; Экологизация образования; Электронные версии
a Ключевые слова Труды преподавателей МГТУ
700 12 a Другие авторы Савельева И. Ю.
e Роль лиц ред.
700 1_ a Другие авторы Абросимова Т. Ф.
e Роль лиц авт.
700 1_ a Другие авторы Ноздря Т. А.
e Роль лиц авт.
700 1_ a Другие авторы Батчаева Д. Р.
e Роль лиц авт.
700 1_ a Другие авторы Аверьянова Е. В.
e Роль лиц авт.
700 1_ a Другие авторы Бессонова В. Л.
e Роль лиц авт.
700 1_ a Другие авторы Бондаренко С. В.
e Роль лиц авт.
700 1_ a Другие авторы Васильева В. Н.
e Роль лиц авт.
700 1_ a Другие авторы Решетильникова Н. В.
e Роль лиц авт.
700 1_ a Другие авторы Торгунакова М. А.
e Роль лиц авт.
700 1_ a Другие авторы Толтов В. М.
e Роль лиц авт.
700 1_ a Другие авторы Винокурова Д. М.
e Роль лиц авт.
700 1_ a Другие авторы Володина Л. В.
e Роль лиц авт.
700 1_ a Другие авторы Гурьянов П. А.
e Роль лиц авт.
700 1_ a Другие авторы Епифанова А. Г.
e Роль лиц авт.
700 1_ a Другие авторы Исакова И. А.
e Роль лиц авт.
700 1_ a Другие авторы Коваленко Н. С.
e Роль лиц авт.
700 1_ a Другие авторы Коренева А. В.
e Роль лиц авт.
700 1_ a Другие авторы Лисова С. Ю.
e Роль лиц авт.
700 1_ a Другие авторы Любенкова Е. П.
e Роль лиц авт.
700 1_ a Другие авторы Корниенко А. А.
e Роль лиц авт.
700 1_ a Другие авторы Новосельцева А. П.
e Роль лиц авт.
700 1_ a Другие авторы Любенкова А. С.
e Роль лиц авт.
700 1_ a Другие авторы Мачалова Н. С.
e Роль лиц авт.
700 1_ a Другие авторы Шредер А. А.
e Роль лиц авт.
700 1_ a Другие авторы Морозова Л. П.
e Роль лиц авт.
700 1_ a Другие авторы Николаева М. А.
e Роль лиц авт.
700 1_ a Другие авторы Пащенко Л. В.
e Роль лиц авт.
700 1_ a Другие авторы Пащенко Р. В.
e Роль лиц авт.
700 1_ a Другие авторы Пелленен Л. В.
e Роль лиц авт.
700 1_ a Другие авторы Пескова Е. Н.
e Роль лиц авт.
700 1_ a Другие авторы Поляков Е. М.
e Роль лиц авт.
700 1_ a Другие авторы Прялухина А. В.
e Роль лиц авт.
700 1_ a Другие авторы Сиражудинова С. В.
e Роль лиц авт.
700 1_ a Другие авторы Скиперских А. В.
e Роль лиц авт.
700 1_ a Другие авторы Столыга И. А.
e Роль лиц авт.
700 1_ a Другие авторы Чернышева Д. В.
e Роль лиц авт.
700 1_ a Другие авторы Юрин М. А.
e Роль лиц авт.
856 40 u URL https://elib.mauniver.ru/2012/SB_12_15.pdf
901 t Тип документа m